" No se puede escupir a una política exterior". Documento /
Síntesis del discurso pronunciado por el ex-presidente José Figueres Ferrer ante el Senado de los Estados Unidos en respuesta a la invitación que le hiciera ese parlamento. En su alocución Figueres se refiere al problema de la política exterior y las relaciones internacionales de Estados Unidos con...
Gardado en:
| Autor Principal: | |
|---|---|
| Formato: | Texto |
| Materias: | |
| Etiquetas: |
Engadir etiqueta
Sen Etiquetas, Sexa o primeiro en etiquetar este rexistro!
|
MARC
| LEADER | 00000 a a2200000 04500 | ||
|---|---|---|---|
| 001 | 9088 | ||
| 003 | |||
| 040 | |||
| 100 | |a Figueres Ferrer, José | ||
| 245 | |a " No se puede escupir a una política exterior". Documento / |c José Figueres Ferrer | ||
| 520 | |a Síntesis del discurso pronunciado por el ex-presidente José Figueres Ferrer ante el Senado de los Estados Unidos en respuesta a la invitación que le hiciera ese parlamento. En su alocución Figueres se refiere al problema de la política exterior y las relaciones internacionales de Estados Unidos con América Latina, en momentos en que tal política es severamente criticada en el ámbito mundial, debido a la defensa que el gobierno estadounidense hacia de los gobiernos dictatoriales del sub-continente, sosteniéndolos económica y militarmente. Así, a raíz del repudio de que fuera objeto el presidente Richard Nixon en su visita a VEnezuela, Figueres reclama el trato que Latinoamérica recibe por parte de Estados Unidos, tanto en el campo diplomático como en el económico. MB/eb | ||
| 650 | |a SUBDESARROLLO | ||
| 650 | |a DEPENDENCIA ECONOMICA | ||
| 650 | |a AUTODETERMINACION | ||
| 650 | |a CAPITALISMO | ||
| 650 | |a COMERCIO EXTERIOR | ||
| 650 | |a INTERVENCION EXTRANJERA | ||
| 650 | |a LIBRE COMERCIO | ||
| 650 | |a RELACIONES INTERNACIONALES | ||
| 773 | |g número 4; páginas 57-59 | ||
| 999 | |c 37954 |d 37954 | ||
